Science Quiz

Random Science Quiz

Microbio - APP2 Varicelle Quiz Stats

 Plays Quiz not verified by Sporcle

Also try: 'L' Natural World
Challenge
Share
Tweet
Embed
Score 0/47 Timer 20:00
0 Plays Today
Question Réponse % Correct
Varicelle : transmission par ? de salive et ?Gouttelettes contact direct
100%
Facteurs streptocoques : protéineM
100%
VZV : réplication initiale dans cellules ? de la muqueuse du tractus respiratoire supérieur.Épithéliales
100%
VirusVaricella-zoster
66.7%
Varicelle : éruption de ? en ?Haut en bas
66.7%
Varicelle : le nombre de lésions augmente avec ? du patientÂge
66.7%
Zona : caractérisé par douleur unilatérale et éruption vésiculeuse limitée à 1Dermatome
66.7%
Zona : transmission par voieAérienne
66.7%
Infection Strep A : Mutants déficients en protéine F sont incapables de ? aux cellules épithélialesLiaison
66.7%
Infection Strep A : promoteur de l'opéron : rôle dans pharyngite, infection tissus mous et maladie invasive en se liant à ? sur cellules épithéliales et en servant de facteur CD44
66.7%
Infection Strep A : protéine M : inhibe ?Phagocytose
66.7%
Varicelle : contagiosité de ? avant le rash1 jour
33.3%
Varicelle : prodrome de ? à ? jours1 à 2
33.3%
Varicelle : immunisation :Varivax
33.3%
Zona : tx : ? ou dérivés dans les 72 premières heuresAcyclovir
33.3%
Zona : tx : immunisation :Varivax
33.3%
Membranes muqueuses et de la peau sont les réservoirs naturels deS. pyogenes
33.3%
Infection Strep A : Protéine F : régulée à la hausse parOxygène
33.3%
Infection Strep A : Protéine F : diminuée dans des conditionsAnaérobiques
33.3%
Infection Strep A : Expression de la protéine ? sans Ag spécifique protège l'oganisme de la phagocytose par PMN et monocytes.M
33.3%
Infection Strep A : induit blastogenèse lymphocytaireSPE
33.3%
Infection Strep A : induit fièvre (pas cytokine)SPE
33.3%
Varicelle : incubation de ?2 semaines
0%
Varicelle : contagiosité jusqu'à ? après le rash6 jours
0%
Question Réponse % Correct
Varicelle : présence concomitante de ?, ? et ?Macules, vésicules et croûtes
0%
Varicelle : si immunosuppression : tx agressif avecAcyclovir
0%
Zona : tx : ? contre prodrome et vésiculationPrednisone
0%
Zona : tx : ? contre douleur aiguëAnalgésiques narcotiques
0%
Zona : complication principaleNévralgie postherpétique
0%
Facteurs streptocoques : acideLipotéichoïque
0%
Facteurs streptocoques : Fimbriae
0%
Infection Strep A : Streptocoque entrave opsonophagocytose par : capsule deAcide hyaluronique
0%
Infection Strep A : Streptocoque entrave opsonophagocytose par : protéine liantIg
0%
Infection Strep A : Peptidase C5a qui détruit ou inactive les chimioattractants et opsonines dérivés du complément :Capsule d'acide hyaluronique
0%
Infection Strep A : Dans les tissus, ? sécrétés en grande concentration détruit les phagocytes approchant.Streptolysine O
0%
Infection Strep A : Distal à infection, si concentration de ? diminuée, prévention migration continue des granulocytes et promotion dommages vasculaires.Streptolysine O
0%
Infection Strep A : exotoxines pyrogéniques et fragments ? ont interactions avec régions VB du Tcell receptor en absence de préparation de l'Ag par la CPA.Protéine M
0%
Infection Strep A : rôle crucial : Bradykinine
0%
Infection Strep A : membrane cellulaire : squelette dePeptidoglycans
0%
Infection Strep A : membrane cellulaire : constituants d'acideLipoteichoic
0%
Infection Strep A : streptolysine O appartient à la famille desTACs
0%
Infection Strep A : quelle streptolysine ne diffuse pas dans agarS
0%
Infection Strep A : potentialise choc induit par endotoxinesSPE
0%
Infection Strep A : supprime synthèse AcSPE
0%
Infection Strep A : agit comme superantigèneSPE
0%
Infection Strep A : altère chimiotactisme neutrophiles et 'respiratory burst'Nicotine adenine dinucleotidase
0%
Infection Strep A : 'pharyngite avec rash'Scarlatine
0%

You're not logged in!

Compare scores with friends on all Sporcle quizzes.
Join for Free
OR
Log In

You Might Also Like...

Show Comments

Extras

Created Nov 28, 2011ReportNominate
Tags:detail

Top Quizzes Today


Score Distribution

Your Account Isn't Verified!

In order to create a playlist on Sporcle, you need to verify the email address you used during registration. Go to your Sporcle Settings to finish the process.

Report this User

Report this user for behavior that violates our Community Guidelines.

Details: